|
|
|
|
| LEADER |
01477nam a2200373Ia 4500 |
| 001 |
EBC544493 |
| 003 |
MiAaPQ |
| 005 |
20200520144314.0 |
| 006 |
m o d | |
| 007 |
cr cn||||||||| |
| 008 |
091228s2010 enk sb 001 0 eng d |
| 010 |
|
|
|z 2009052386
|
| 020 |
|
|
|z 9780195390650 (hardback : alk. paper)
|
| 035 |
|
|
|a (MiAaPQ)EBC544493
|
| 035 |
|
|
|a (Au-PeEL)EBL544493
|
| 035 |
|
|
|a (CaPaEBR)ebr10395941
|
| 035 |
|
|
|a (CaONFJC)MIL263927
|
| 035 |
|
|
|a (OCoLC)645939978
|
| 040 |
|
|
|a MiAaPQ
|c MiAaPQ
|d MiAaPQ
|
| 050 |
|
4 |
|a HC427.95
|b .S74 2010
|
| 082 |
0 |
4 |
|a 330.951
|2 22
|
| 100 |
1 |
|
|a Steinfeld, Edward S.
|q (Edward Saul),
|d 1966-
|
| 245 |
1 |
0 |
|a Playing our game
|h [electronic resource] :
|b why China's rise doesn't threaten the west /
|c Edward S. Steinfeld.
|
| 260 |
|
|
|a Oxford ;
|a New York :
|b Oxford University Press,
|c c2010.
|
| 300 |
|
|
|a xi, 265 p.
|
| 504 |
|
|
|a Includes bibliographical references and index.
|
| 533 |
|
|
|a Electronic reproduction. Ann Arbor, MI : ProQuest, 2015. Available via World Wide Web. Access may be limited to ProQuest affiliated libraries.
|
| 650 |
|
0 |
|a International economic relations.
|
| 651 |
|
0 |
|a China
|x Economic conditions
|y 2000-
|
| 651 |
|
0 |
|a China
|x Foreign economic relations
|z United States.
|
| 651 |
|
0 |
|a United States
|x Foreign economic relations
|z China.
|
| 655 |
|
4 |
|a Electronic books.
|
| 710 |
2 |
|
|a ProQuest (Firm)
|
| 856 |
4 |
0 |
|u https://ebookcentral.proquest.com/lib/matrademy/detail.action?docID=544493
|z Click to View
|